Catálogo
 En Linea

Las dos grandes geurras del siglo XX. (Registro nro. 17218)

Detalles MARC
000 -CABECERA
campo de control de longitud fija 00281nam a2200109 a 4500
005 - FECHA Y HORA DE LA ÚLTIMA TRANSACCIÓN
campo de control 20200929165209.0
008 - DATOS DE LONGITUD FIJA--INFORMACIÓN GENERAL
campo de control de longitud fija 100330s2001 000 spa d
020 ## - NÚMERO INTERNACIONAL ESTÁNDAR DEL LIBRO
Número Internacional Estándar del Libro 9993467014
040 ## - FUENTE DE LA CATALOGACIÓN
Centro catalogador/agencia de origen DO-SdBNP
245 #4 - MENCIÓN DE TÍTULO
Título Las dos grandes geurras del siglo XX.
260 ## - PUBLICACIÓN, DISTRIBUCIÓN, ETC.
Lugar de publicación, distribución, etc. Santo Domingo,
Fecha de publicación, distribución, etc. 2001.

No hay ítems disponibles.

Con tecnología Koha